| 000 | 00562nam a2200205 a 4500 | ||
|---|---|---|---|
| 005 | 20140310183153.0 | ||
| 008 | 021015s19uu xx 00 eng d | ||
| 020 | _a0781728134 | ||
| 050 |
_aRC 440 _b.Sh558 2002 |
||
| 100 | _aShives, Louise R. | ||
| 245 |
_aBasic concepts of Psychiatric-Mental Health Nursing. / _cLouise Rebraca Shives. |
||
| 250 | _a5th | ||
| 260 |
_aNew York : _bLippincott, _c2002. |
||
| 300 |
_a703 p. : _c24 cm. |
||
| 650 | _aPsychiatric nursing. | ||
| 942 |
_cBK _2lcc _kFOR |
||
| 999 |
_c19701 _d19701 |
||